Т. 1 : Микроскопические и макроскопические основы механики разрушения; Разрушение

Podrobná bibliografie
Parent link:Разрушение: пер. с англ./ ред. Г. Либовиц. Т. 1 : Микроскопические и макроскопические основы механики разрушения.— , 1973-
Jazyk:ruština
Vydáno: 1973
Témata:
Médium: Kniha
KOHA link:https://koha.lib.tpu.ru/cgi-bin/koha/opac-detail.pl?biblionumber=44055

MARC

LEADER 00000nam2a2200000 4500
001 44055
005 20231031021805.0
035 |a (RuTPU)RU\TPU\book\45685 
090 |a 44055 
100 |a 20021104d1973 k y0rusy50 ca 
101 1 |a rus  |c eng 
102 |a RU 
105 |a a z 001zy 
200 0 |a Т. 1 : Микроскопические и макроскопические основы механики разрушения 
210 |d 1973 
215 |a 616 с.  |c ил. 
320 |a Библиогр. в конце глав. 
320 |a Предм. указ.: с. 609-612. 
320 |a Имен. указ.: с. 613-615. 
461 1 |0 (RuTPU)RU\TPU\book\45678  |t Разрушение  |o пер. с англ.  |o в 7 т.  |f ред. Г. Либовиц  |v Т. 1 : Микроскопические и макроскопические основы механики разрушения  |d 1973- 
610 1 |a физика 
610 1 |a разрушение 
610 1 |a твердые тела 
610 1 |a дислокация 
610 1 |a экспериментальные методы 
610 1 |a микропроцессы 
610 1 |a металлография 
610 1 |a структурные типы 
610 1 |a макроскопические процессы 
610 1 |a напряжения 
675 |a 539.4  |v 3 
801 1 |a RU  |b 63413507  |c 20021104  |g PSBO 
801 2 |a RU  |b 63413507  |c 20160118  |g PSBO 
942 |c BK